000 01078nam a2200313 4500
001 42425
003 (BD-RJUL)
005 20211209053535.0
008 160612s1984 ne a b 001 0 eng d
020 _a0444865020
035 _aCURL 05LC83011416(Lon) from jrlcr007
_aBD-RjUL42543
040 _aBD-RjUL
_beng
_cBD-RjUL
041 _aeng
082 _a330.0724
_219
_bBAY 1984
245 0 0 _aBayesian models in economic theory /
_cedited by Marcel Boyer, Richard E. Kihlstrom
260 _aAmsterdam :
_aOxford :
_bNorth-Holland,
_c1984
300 _a V. :
_bill. ;
_c25 cm.
504 _aIncludes bibliographies and indexes
505 0 _aVol 5 --
650 0 _aBayesian statistical decision theory
_9130490
650 0 _aEconomics
_xMathematical models
_9130491
650 0 _aInformation theory in economics.
_9130492
650 0 _aUncertainty
_xMathematical models
_9130493
700 1 _aBoyer, Marcel.
_9130494
700 1 _aKihlstrom, Richard
_9130495
830 0 _aStudies in Bayesian econometrics ;
_v5
_9130496
942 _2ddc
_cBK
999 _c42425
_d42425